000
00317nam a2200145Ia 4500
100
_a
Charniak Eugene
250
_a
2
942
_c
BK
654
_a
artificial
245
_a
Artificial intelligence Programming
260
_b
Lawrence Erlbau
_c
1987
082
_a
6.3
_b
CHA/RIE
300
_a
533
546
_a
ENGLISH
999
_c
18662
_d
18662